000 00355nam a22001217a 4500
008 230621b xxu||||| |||| 00| 0 eng d
082 _a328.06
_bIPU
100 _cInter parliamentary Union
245 _a120th IPU Assembly and Related Meetings
_bResults od the proceedings
260 _aAddis Ababa, Ethiopia
_bIPU
_c2009
300 _a125p
942 _2ddc
_cBK
999 _c2065
_d2065